| 000 | 00375nam a2200157 a 4500 | ||
|---|---|---|---|
| 020 | _a9788120808546 | ||
| 082 | 0 | 0 |
_a181.4 _bMAS |
| 100 | _aMasih, Y | ||
| 245 | _aIntroduction to Religious Philosophy | ||
| 260 |
_aDelhi _bMotilal Banarsidass _c2010 |
||
| 300 | _a410p | ||
| 500 | _aincludes index and biblioraphy | ||
| 505 | 2 | _aIndex | |
| 700 | 1 | _aMasih, Y | |
| 942 | _cBK | ||
| 999 |
_c13896 _d13896 |
||